=LDR 00000nam 2200000 4500 =001 INLIS000000000024863 =005 20130612123423 =008 ***********************************Ind** =035 ##$$0010-061300000024863 =041 ##$$a Ind =082 ##$$a 158 =090 ##$$a 158, Kun 2 =100 ##$$a King =245 ##$$a grow your comapany, King =260 ##$$a 20002 $b Jakarta =300 ##$$a 207 hlm, 21 cm =650 ##$$a Education =850 ##$$a NBPNMAT